00921cam a22002411a 45000010005000000030008000050050017000130080041000300350018000710400025000890410008001140820022001221000036001442450129001802600035003093000072003445040020004165040026004366500039004629420012005019990015005139520151005288079BD-RjUL20211208234524.0140116s1970 nyuabc b 001 0 eng d a(BD-RjUL)8124 aLCbengcLCdBD-RjUL aeng04a510222bBEM 19701 aBergamini, David,d1928-92520210aMathematics /cby David Bergamini and the editors of Life ; Consulting editors: Rene Dubos, Henry Margenau [and] C. P. Snow. aNew York :bTime, inc.,c1963. a200 p. :bill. (some col.), ports. (some col.), col. maps ;c28 cm. aIncludes index. aBibliography: p. 196. 0aMathematicsxPopular works.919399 2ddccBK c8079d8079 00102ddc40718NFICaRUCLbRUCLcreadingd1983-02-23eAmerican cal. Int., Dhaka, Giftl0o510 BEM 1970r2014-01-16 00:00:00tC-1w2014-01-16yBK